Statistics for U.S. States that Trade the most with Canada

Click here to take the quiz!

General Stats

  • This quiz has been taken 84 times
  • The average score is 9 of 11

Answer Stats

Imports Exports State % Correct
17,01112,568New York
99%
28,72216,772California
97%
13,5307,974Washington
97%
47,44224,839Michigan
95%
32,16517,562Illinois
91%
18,27522,779Texas
90%
12,19018,871Ohio
87%
11,68010,258Pennsylvania
83%
9,626Minnesota
82%
7,92913,129Indiana
63%
8,978Tennessee
36%

Score Distribution

Percentile by Number Answered

Percent of People with Each Score

Your Score History

You have not taken this quiz